[Event "FRA-chT2 West 0809"]
[Site "France"]
[Date "2008.11.22"]
[Round "2.4"]
[White "Brenet, Vincent"]
[Black "Maisuradze, Nino"]
[Result "0-1"]
[WhiteElo "2120"]
[BlackElo "2308"]
[PlyCount "58"]
[EventDate "2008.10.19"]
[EventType "team-tourn"]
[EventRounds "11"]
[EventCountry "FRA"]
[SourceTitle "EXT 2010"]
[Source "ChessBase"]
[SourceDate "2010.11.25"]
[SourceVersion "1"]
[SourceVersionDate "2010.11.25"]
[SourceQuality "1"]
[WhiteTeam "Le Chesnay"]
[BlackTeam "Evry Grand Roque II"]
[WhiteTeamCountry "FRA"]
[BlackTeamCountry "FRA"]

1. d4 d5 2. c4 e6 3. Nc3 Be7 4. Nf3 Nf6 5. Bg5 h6 6. Bh4 0-0 7. e3 Ne4 8. Bxe7 Qxe7 9. cxd5 Nxc3 10. bxc3 exd5 11. Qb3 Rd8 12. c4 dxc4 13. Bxc4 Nc6 14. Qc3 Bg4 15. 0-0 Bxf3 16. gxf3 Rd6 17. Qc2 Re8 18. Kh1 Rf6 19. f4 Nb4 20. Qb1 Qd6 21. Rc1 c5 22. dxc5 Qc6+ 23. Kg1 Rg6+ 24. Kf1 Rxe3 25. Qxg6 Qxg6 26. fxe3 Nc2 27. Rxc2 Qxc2 28. Bb3 Qxc5 29. Kf2 Qh5 0-1